000 00718cam a2200241 a 4500
001 4413443
005 20180312062133.0
008 930416s1993 moua b 001 0 eng c
010 _a 93004353
020 _a0801665655
040 _aDNLM/DLC
_cDLC
_dDLC
041 _aeng
060 0 0 _aWB 400 W727n 1993
080 _a615.854 wil
082 0 0 _a615.854 wil
_220
100 1 _a9
101 _anut
245 1 0 _aNutrition and diet therapy /
_cSue Rodwell Williams, with the assistance of Sara Long Anderson.
504 _aIncludes bibliographical references and index.
906 _a7
_bcbc
_corignew
_d1
_eocip
_f19
_gy-gencatlg
942 _2ddc
_cBK
999 _c44718
_d44718